Quizzes
Events
Quiz Creation
Community
Videos
Private Events
Remove Ads
Sign In
Join for FREE
Feedback
Dark Mode
Quiz Categories
Sports
Geography
Music
Movies
Television
Just For Fun
Miscellaneous
History
Literature
Language
Science
Gaming
Entertainment
Religion
Holiday
For Kids
Quiz Lab
Recent
Popular Today
Quiz Kudos Today
Editor Picks
Curator Picks
Quizzes by...
Day
Popularity
Type
Ratings
Length
Year
Community
Subscriptions
Recent Discussions
Orange Saloon
Badges
Playlists
Quests
Create
Leaderboards
Showdown
Live 5
Trivia Bingo
Activity
Puzzle Library
Sporcle Events
Private Events
Virtual Trivia
Globe League
Become a Host
Pub Owners
SporcleCon
Opinionation
Our Games
Videos
Blog
Mobile Apps
Partnerships
Remove Ads and Go Orange
Feedback
Movies
Disney
Marvel Cinematic Universe
Movie Resume
Movie Titles
Oscar
Actor
Actress
Director
Pixar
Role
Movie Quotes
Movie Characters
Box Office
Nominee
Best Picture
Star Wars
James Bond
Horror Movies
Movies
Disney
Marvel Cinematic Universe
Movie Resume
Movie Titles
Oscar
Actor
Actress
Director
Pixar
Role
Movie Quotes
Movie Characters
Box Office
Nominee
Best Picture
Star Wars
James Bond
Horror Movies
Random Quiz
Search Sporcle
×
Quiz Lab
Quiz Lab
Movies
Actor
Type in answers that appear in a list
Type in answers that appear in a list
Classic
Best Score? Go Orange.
Actor/Director: Their First Time Together Stats
Can you name the film that marks the first time these actor/director duos collaborated?
By
g_norm
10m
40 Questions
164 Plays
164 Plays
164 Plays
Comments
Comments
Give Quiz Kudos
Give Quiz Kudos
-
- Ratings
hide this ad
Forced Order
Answers have to be entered in order
Answers have to be entered in order
Wrong Answers
Some wrong answers will appear in red
Some wrong answers will appear in red
Replay
Link that replays current quiz
Next Quiz
Link to next quiz in quiz playlist
You Got
0%
They Got
Avg Score
47%
Avg Friend Score
Upgrade to see
Score Distribution
Jump to the score distribution portion of the page
Score
0/40
Timer
10:00
0
Plays Today
Actor/Director
First Film
% Correct
Johnny Depp/
Tim Burton
???
80.5%
Samuel L. Jackson/
Quentin Tarantino
???
73.8%
Bill Murray/
Wes Anderson
???
73.2%
Brad Pitt/
David Fincher
???
72.6%
Russell Crowe/
Ridley Scott
???
72%
Simon Pegg/
Edgar Wright
???
70.7%
John Ratzenberger/
John Lasseter
???
67.1%
Michael Palin/
Terry Gilliam
???
65.9%
Michael Caine/
Christopher Nolan
???
65.9%
Owen Wilson/
Wes Anderson
???
64.6%
Tom Hanks/
Robert Zemeckis
???
63.4%
Leonardo DiCaprio/
Martin Scorsese
???
62.2%
Matt Damon/
Steven Soderbergh
???
61%
Adam Sandler/
Dennis Dugan
???
60.4%
Will Ferrell/
Adam Mckay
???
58.5%
Robert DeNiro/
Martin Scorsese
???
57.3%
Ethan Hawke/
Richard Linklater
???
57.3%
Leslie Mann/
Judd Apatow
???
51.2%
Dan Aykroyd/
John Landis
???
50%
Humphrey Bogart/
John Huston
???
46.3%
Actor/Director
First Film
% Correct
Danny Trejo/
Robert Rodriguez
???
46.3%
Ben Affleck/
Kevin Smith
???
46.3%
James Stewart/
Alfred Hitchcock
???
45.7%
Jack Lemmon/
Billy Wilder
???
45.1%
Marlon Brando/
Elia Kazan
???
42.7%
Bill Paxton/
James Cameron
???
41.5%
Helena Bonham Carter/
Tim Burton
???
39.6%
John Goodman/
Joel and Ethan Coen
???
39.6%
Tom Hanks/
Ron Howard
???
37.8%
Phillip Seymour Hoffman/
Paul Thomas Anderson
???
35.4%
Kiefer Sutherland/
Joel Schumacher
???
32.3%
Klaus Kinski/
Werner Herzog
???
31.1%
Diane Keaton/
Woody Allen
???
29.9%
Harry Dean Stanton/
David Lynch
???
28%
Paul Rudd/
David Wain
???
25.6%
Alec Guinness/
David Lean
???
14%
Robert Duvall/
Francis Ford Coppola
???
7.9%
Dom De Louise/
Mel Brooks
???
6.7%
Toshiro Mifune/
Akira Kurosawa
???
6.1%
Chow-
Yun Fat/
John Woo
???
4.9%
Quiz Playlist
Details
Report
Send in Message
Add To Playlist
Classic:
Type in answers that appear in a list
Forced Order:
Answers have to be entered in order
Wrong Answers:
Some wrong answers will appear in red
Last Updated: Feb 16, 2017
Quiz Scoreboard
CHALLENGE
Sign Up to Join the Scoreboard
Show All
Scores
Hide
Comments
May contain spoilers
Recently Published
Billboard Blitz: Fleetwood Mac
by CooCooCachoo
Music
15s
Presidents Visiting Landmarks
by Hejman
History
7m
An Introduction to Baseball
by treessimontrees
Sports
5m
More to Explore
Quiz From the Vault
Featured Blog Post
Where Did the Easter Bunny Come From?
hide this ad
You Might Also Like...
Tags
Actor Quiz
Director Quiz
co-actor
Collaborated
Collaboration
Collaborator
Film Director
Lead Actor
Today's Top Quizzes in Movies
Browse Movies
hide this ad
Today's Top Quizzes in Actor
Browse Actor
Top Contributed Quizzes in Movies
1
Pick 5 Posters: Directed by Spielberg
2
7-to-1: Pixar Characters
3
Pick 5 Posters: Lowest-Rated Spielberg
4
Pick 5 Posters: Directed by Scorsese
5
Sorting Actors
6
Sorting Actresses
7
Pick 5 Posters: Star & Director
8
Pick 5 Posters: Women Directed 2020s
9
12 Movies about Fictional 1960s Events
10
Multi-Oscar Nominations, One Movie, One Winner
Explore More
Trending Topics
Marvel
Anime
Disney
NBA
Crossword
Harry Potter
Kpop
Song
The Office
WWE
Pokémon
Soccer
Country
Puzzle
NFL
hide this ad
More By:
g_norm
Quiz
Plays
Rating
Category
Featured
Created
Click-A-Hanks
91,045
4.79
Movies
Jun 2, 2016
Click-A-Cruise
80,625
4.63
Movies
Jun 2, 2016
Click-A-DiCaprio
77,308
4.61
Movies
Oct 6, 2016
Click-A-Carrey
75,936
4.67
Movies
Jun 14, 2016
Who Was Top Billed?
70,531
4.58
Movies
Nov 1, 2016
Go to Creator's Profile
Score Distribution
Quiz Creator Spotlight
g_norm
Follow
Send a Message
Quizzes Created
-
Created Quiz Play Count
-
More By This Creator
Popular Quizzes Today
1
Find the US States - No Outlines Minefield
2
Find the Countries of Europe - No Outlines Minefield
3
The Countries of the World
4
Find the US States
5
US States
6
Popular People in 1961
7
Risky Map Clicking: Biggest States A-Z
8
Movies - When Are They Set?
More Movies Quizzes
Name the 'Thor: The Dark World' Deaths
Quiz Lab
Trending Quizzes
Risky Map Clicking: Least Populous States A-Z
1-10 Letter G Words
1-10 Letter F Words
Risky Map Clicking: Next State Alphabetically
Risky Map Clicking: Biggest States A-Z
Recently Updated
Leaping Animals
pecheneg
Reality TV Shows (A-Z)
bhenderson79
Rickey Henderson's Hall of Fame Teammates
pecheneg
Champions League XIs: Arsenal
pecheneg
Quick Pick: Celebrities in WWE's Hall of Fame
aduchscher
A-Z Keypad Blitz II
pecheneg
Multiple Oscar Actors
pecheneg
Mystery Phrase Blitz: Oscar 'Best Actors'
pecheneg
F. Scott Fitzgerald Novels
LTH
Pick 3 Villains
ddd62291
Trending Topics
Anime
NBA
Marvel
Kpop
Disney
Crossword
Harry Potter
Soccer
The Office
NFL
WWE
Song
Pokémon
Country
Puzzle
Your Account Isn't Verified!
In order to create a playlist on Sporcle, you need to verify the email address you used during registration. Go to your
Sporcle Settings
to finish the process.
Report this User
Report this user for behavior that violates our
Community Guidelines
.
Details:
Send Report
Go to the Sporcle.com Mobile Site →
Comments